| 000 | 00944cab a2200265 4500 | ||
|---|---|---|---|
| 001 | ABS56372 | ||
| 008 | 090401t1996 xxu||||| |||| 00| 0 eng d | ||
| 035 | _a(Sirsi) u23172 | ||
| 041 | _aeng | ||
| 100 | _aBaker, C. | ||
| 245 | 4 | _aThe tolerated trespasser | |
| 260 | _c1996 | ||
| 350 | _a0 | ||
| 490 |
_aSolicitors` Journal _v140(7) 13 December 1996, 1196(1) |
||
| 520 | _aDiscusses "Burrows v Brent LBC (Abs56234) which held that in the case of certain secure tenancies there is a twilight zone between termination of a tenancy and eviction, during which a number of possible events may occur. | ||
| 650 | _aBURROWS V BRENT LBC | ||
| 650 | _aEXCLUSIVE OCCUPATION | ||
| 650 | _aHOUSING ACT 1985 S82 | ||
| 650 | _aPOSSESSION ORDER | ||
| 650 | _aRENT ARREARS | ||
| 650 | _aSECURE TENANCIES | ||
| 690 | _aPROPERTY-RESIDENTIAL PROPERTY-RESIDENTIAL LANDLORD AND TENANT-RESIDENTIAL TENANCIES | ||
| 942 | _n0 | ||
| 948 | _c04/03/1997 | ||
| 999 |
_c15513 _d15513 |
||